[Event "Calvia Open Aficionados 2015"]
[Site "Calvia ESP"]
[Date "2015.10.10"]
[Round "1.1"]
[White "Moreno Mateos, Jose Luis"]
[Black "Olhovik, Andrei"]
[Result "0-1"]
[WhiteElo "1855"]
[BlackElo "2285"]
[PlyCount "72"]
[EventDate "2015.10.10"]
[EventType "swiss"]
[EventRounds "9"]
[EventCountry "ESP"]
[Source "lmi"]
[SourceDate "2015.10.10"]

1. d4 Nf6 2. c4 e6 3. Nc3 Bb4 4. f3 c5 5. d5 O-O 6. e4 d6 7. Bd3 Nbd7 8. Nge2
exd5 9. cxd5 Ne5 10. O-O Bd7 11. Bf4 c4 12. Bc2 Bc5+ 13. Kh1 b5 14. b3 b4 15.
Na4 Bxa4 16. bxa4 Qb6 17. a5 Qxa5 18. Nd4 Qb6 19. Bxe5 dxe5 20. Nc6 Nd7 21. f4
Qc7 22. Qe2 c3 23. Qh5 exf4 24. e5 g6 25. Qg5 f6 26. Qh6 Nxe5 27. Nxe5 fxe5 28.
Bxg6 hxg6 29. Qxg6+ Qg7 30. Qe6+ Rf7 31. Qc6 Qf8 32. Qg6+ Rg7 33. Qe6+ Qf7 34.
Qc6 Rd8 35. Qxc5 Qxd5 36. Qxd5+ Rxd5 0-1

[Event "Calvia Open Aficionados 2015"]
[Site "Calvia ESP"]
[Date "2015.10.10"]
[Round "1.2"]
[White "Kultiyasov, Mikhail"]
[Black "Mitenieks, Matiss"]
[Result "1-0"]
[WhiteElo "2280"]
[BlackElo "1844"]
[PlyCount "63"]
[EventDate "2015.10.10"]
[EventType "swiss"]
[EventRounds "9"]
[EventCountry "ESP"]
[Source "lmi"]
[SourceDate "2015.10.10"]

1. e4 c5 2. Nf3 d6 3. d4 cxd4 4. Nxd4 a6 5. c4 Nf6 6. Nc3 e6 7. Be2 Be7 8. O-O
Qc7 9. Be3 Nbd7 10. Rc1 b6 11. f3 Rb8 12. b4 O-O 13. a4 Bb7 14. Kh1 Rfc8 15.
Nb3 Ne5 16. a5 bxa5 17. Nxa5 Ba8 18. Qa4 d5 19. c5 dxe4 20. fxe4 Nxe4 21. Nxe4
Bxe4 22. b5 axb5 23. Qxe4 f5 24. Qb4 Nd7 25. Nb3 g5 26. Qd2 h6 27. c6 Nf6 28.
Nd4 Qe5 29. Bg1 Nd5 30. Bf3 Nc7 31. Rfe1 Qf6 32. Nxe6 1-0

[Event "Calvia Open Aficionados 2015"]
[Site "Calvia ESP"]
[Date "2015.10.10"]
[Round "1.3"]
[White "Baatz, Karl-Heinz"]
[Black "Ustianovich, Nazar"]
[Result "0-1"]
[WhiteElo "1825"]
[BlackElo "2268"]
[PlyCount "38"]
[EventDate "2015.10.10"]
[EventType "swiss"]
[EventRounds "9"]
[EventCountry "ESP"]
[Source "lmi"]
[SourceDate "2015.10.10"]

1. e4 c6 2. d4 d5 3. Nc3 dxe4 4. Nxe4 Bf5 5. Ng3 Bg6 6. N1e2 e6 7. Nf4 Bd6 8.
Nxg6 hxg6 9. Be3 Nf6 10. c4 Qc7 11. Qf3 Bb4+ 12. Bd2 Bxd2+ 13. Kxd2 Qb6 14. Qc3
Rh4 15. Kc2 Rxd4 16. f3 Na6 17. c5 Nb4+ 18. Kc1 Qd8 19. Be2 Qd5 0-1

[Event "Calvia Open Aficionados 2015"]
[Site "Calvia ESP"]
[Date "2015.10.10"]
[Round "1.4"]
[White "Galiana Salom, Juan Ramon"]
[Black "Boix Pons, Catalina"]
[Result "1-0"]
[WhiteElo "2226"]
[BlackElo "1813"]
[PlyCount "33"]
[EventDate "2015.10.10"]
[EventType "swiss"]
[EventRounds "9"]
[EventCountry "ESP"]
[Source "lmi"]
[SourceDate "2015.10.10"]

1. e4 c5 2. Nf3 Nc6 3. d4 cxd4 4. Nxd4 d6 5. Nc3 Nf6 6. Be2 g6 7. O-O Bg7 8.
Nb3 O-O 9. Re1 a5 10. a4 Be6 11. Bg5 h6 12. Bh4 g5 13. Bg3 d5 14. Nc5 Nxe4 15.
Nxe6 Nxc3 16. Nxd8 Nxd1 17. Nxc6 1-0

[Event "Calvia Open Aficionados 2015"]
[Site "Calvia ESP"]
[Date "2015.10.10"]
[Round "1.5"]
[White "Oliver Font, Jose Luis"]
[Black "Spence, David J"]
[Result "0-1"]
[WhiteElo "1806"]
[BlackElo "2224"]
[PlyCount "66"]
[EventDate "2015.10.10"]
[EventType "swiss"]
[EventRounds "9"]
[EventCountry "ESP"]
[Source "lmi"]
[SourceDate "2015.10.10"]

1. e4 e6 2. d4 d5 3. Nd2 Nf6 4. e5 Nfd7 5. Bd3 c5 6. c3 Nc6 7. Ne2 cxd4 8. cxd4
f6 9. exf6 Nxf6 10. O-O Bd6 11. Nf3 Qc7 12. Bg5 O-O 13. Bh4 Nh5 14. Qc2 h6 15.
Bg6 Rxf3 16. Bxh5 Rf5 17. Bg6 Bxh2+ 18. Kh1 Bd6 19. Bxf5 exf5 20. f4 Qf7 21.
Rf3 Bd7 22. Rd1 Re8 23. Nc3 g5 24. fxg5 hxg5 25. Bf2 g4 26. Re3 Qh5+ 27. Kg1
Qh2+ 28. Kf1 Qh1+ 29. Ke2 Rxe3+ 30. Kxe3 Qxg2 31. Qe2 Bf4+ 32. Kxf4 Qh2+ 33.
Ke3 Qh6+ 0-1

[Event "Calvia Open Aficionados 2015"]
[Site "Calvia ESP"]
[Date "2015.10.10"]
[Round "1.6"]
[White "Gromovs, Sergejs"]
[Black "Orsario, Wolfgang"]
[Result "1-0"]
[WhiteElo "2196"]
[BlackElo "1798"]
[PlyCount "91"]
[EventDate "2015.10.10"]
[EventType "swiss"]
[EventRounds "9"]
[EventCountry "ESP"]
[Source "lmi"]
[SourceDate "2015.10.10"]

1. d4 Nf6 2. c4 e6 3. Nf3 Bb4+ 4. Nbd2 c5 5. a3 Bxd2+ 6. Bxd2 Ne4 7. dxc5 Nxd2
8. Qxd2 O-O 9. b4 a5 10. b5 b6 11. cxb6 Qxb6 12. Qd4 Qxd4 13. Nxd4 Bb7 14. f3
d6 15. e4 Nd7 16. Bd3 Rfc8 17. Ke2 Nc5 18. Rhd1 Nxd3 19. Kxd3 a4 20. Rac1 Rc5
21. Rc2 Rac8 22. Rdc1 g6 23. Rc3 Kf8 24. Ne2 Ke7 25. Nf4 f5 26. exf5 Rxf5 27.
Ne2 Rfc5 28. Nd4 g5 29. h3 Kf6 30. R3c2 e5 31. Ne2 d5 32. Ng3 Kg6 33. cxd5
Rxd5+ 34. Ke3 Rxc2 35. Rxc2 Rxb5 36. Rc3 Rb2 37. Ne2 Kf5 38. Rc7 h6 39. Nc3 Rb3
40. Kf2 Rxa3 41. Kg3 e4 42. Nb5 Rd3 43. Rxb7 a3 44. Ra7 Rd5 45. fxe4+ Kxe4 46.
Nc3+ 1-0

[Event "Calvia Open Aficionados 2015"]
[Site "Calvia ESP"]
[Date "2015.10.10"]
[Round "1.7"]
[White "Tufta, Jon Gunnar"]
[Black "Tscharotschkin, Michael"]
[Result "1/2-1/2"]
[WhiteElo "1797"]
[BlackElo "2181"]
[PlyCount "105"]
[EventDate "2015.10.10"]
[EventType "swiss"]
[EventRounds "9"]
[EventCountry "ESP"]
[Source "lmi"]
[SourceDate "2015.10.10"]

1. e4 e6 2. d4 d5 3. exd5 exd5 4. Bd3 Bd6 5. Ne2 Ne7 6. Bf4 O-O 7. Bxd6 Qxd6 8.
O-O Nd7 9. Nd2 Re8 10. f4 c5 11. c3 cxd4 12. Nxd4 Nf6 13. h3 Nc6 14. N2b3 Nxd4
15. Nxd4 Bd7 16. Qc2 Re3 17. Nf5 Bxf5 18. Bxf5 Rae8 19. Rad1 g6 20. Bd3 Nh5 21.
f5 Qg3 22. fxg6 hxg6 23. Qf2 f5 24. Bb5 R8e5 25. Qxg3 Nxg3 26. Rf3 Rxf3 27.
gxf3 a6 28. Bf1 Kf7 29. Kf2 Nh5 30. c4 dxc4 31. Rd7+ Re7 32. Bxc4+ Kf8 33. Rd6
Kg7 34. a4 Nf6 35. b4 Re4 36. Rxf6 Rxc4 37. Rb6 Rc7 38. b5 axb5 39. Rxb5 Kh6
40. Kg3 Kh5 41. a5 Kg5 42. Rd5 Rc4 43. Rb5 Ra4 44. Rc5 Rb4 45. Rd5 Kf6 46. a6
bxa6 47. Rd6+ Kg5 48. Rxa6 f4+ 49. Kg2 Rb2+ 50. Kg1 Kh5 51. h4 g5 52. hxg5 Kxg5
53. Ra8 1/2-1/2

[Event "Calvia Open Aficionados 2015"]
[Site "Calvia ESP"]
[Date "2015.10.10"]
[Round "1.8"]
[White "Ballesteros Gonzalez, David"]
[Black "Burg, Henk"]
[Result "1-0"]
[WhiteElo "2157"]
[BlackElo "1795"]
[PlyCount "49"]
[EventDate "2015.10.10"]
[EventType "swiss"]
[EventRounds "9"]
[EventCountry "ESP"]
[Source "lmi"]
[SourceDate "2015.10.10"]

1. d4 Nf6 2. c4 b6 3. Nc3 Bb7 4. f3 d5 5. cxd5 Nxd5 6. e4 Nxc3 7. bxc3 e6 8.
Bb5+ c6 9. Bc4 Be7 10. Ne2 O-O 11. O-O Nd7 12. Bf4 Bg5 13. Bxg5 Qxg5 14. f4 Qe7
15. Ng3 Nf6 16. e5 Nd5 17. Bxd5 cxd5 18. Qg4 f5 19. exf6 Rxf6 20. f5 Rh6 21.
Rae1 Rf8 22. fxe6 Rxf1+ 23. Kxf1 Rf6+ 24. Kg1 Bc8 25. Nf5 1-0

[Event "Calvia Open Aficionados 2015"]
[Site "Calvia ESP"]
[Date "2015.10.10"]
[Round "1.9"]
[White "Ballester Cladera, Antonio"]
[Black "Gavrish, Leonid"]
[Result "1/2-1/2"]
[WhiteElo "1786"]
[BlackElo "2151"]
[PlyCount "163"]
[EventDate "2015.10.10"]
[EventType "swiss"]
[EventRounds "9"]
[EventCountry "ESP"]
[Source "lmi"]
[SourceDate "2015.10.10"]

1. e4 d6 2. d4 Nf6 3. Nc3 g6 4. f4 Bg7 5. Nf3 O-O 6. e5 dxe5 7. fxe5 Nd5 8. Bc4
Nb6 9. Bb3 Nc6 10. a3 Bg4 11. Be3 Na5 12. Ba2 Nac4 13. Qe2 Nxe3 14. Qxe3 c6 15.
Qe4 Bf5 16. Qe2 Nd5 17. Nxd5 cxd5 18. O-O Rc8 19. c3 a6 20. Rf2 Bh6 21. Raf1 e6
22. Bb1 Rc6 23. Bxf5 exf5 24. Ne1 Qh4 25. Rf3 Qe4 26. Qf2 f4 27. Nd3 g5 28. Re1
Qf5 29. h3 a5 30. g4 Qc8 31. Qc2 Rd8 32. Nc5 Bf8 33. Nb3 a4 34. Nc1 h5 35. Qf5
Qxf5 36. gxf5 Bh6 37. Re2 Kf8 38. Rg2 f6 39. e6 Ke7 40. Nd3 Rcc8 41. Nc5 Rg8
42. Nxa4 g4 43. hxg4 hxg4 44. Rd3 f3 45. Rh2 Rh8 46. Nb6 Rcd8 47. Kf1 g3 48.
Rxh6 Rxh6 49. Rxf3 Rh1+ 50. Kg2 Rh2+ 51. Kxg3 Rxb2 52. Nd7 Re2 53. Rf4 Rc8 54.
Kf3 Rc2 55. Rh4 R8xc3+ 56. Kg4 Rg2+ 57. Kf4 Rg7 58. Rh6 Rd3 59. Nxf6 Rxd4+ 60.
Ke3 Rd1 61. Ke2 Rgg1 62. Ng4 Rde1+ 63. Kd2 Rd1+ 64. Ke2 d4 65. Rh7+ Kd6 66.
Rd7+ Kc5 67. Rc7+ Kb6 68. Rg7 d3+ 69. Ke3 Rge1+ 70. Kf3 d2 71. Rd7 Ra1 72. Rxd2
Rxa3+ 73. Kf4 Ra4+ 74. Kg3 Rg1+ 75. Rg2 Rxg2+ 76. Kxg2 Rxg4+ 77. Kf3 Rg1 78. e7
Re1 79. f6 Kc7 80. f7 Rxe7 81. f8=Q Rd7 82. Qc5+ 1/2-1/2

[Event "Calvia Open Aficionados 2015"]
[Site "Calvia ESP"]
[Date "2015.10.10"]
[Round "1.10"]
[White "Cip, Dalibor"]
[Black "Andersen, Claus Nis"]
[Result "0-1"]
[WhiteElo "2146"]
[BlackElo "1778"]
[PlyCount "94"]
[EventDate "2015.10.10"]
[EventType "swiss"]
[EventRounds "9"]
[EventCountry "ESP"]
[Source "lmi"]
[SourceDate "2015.10.10"]

1. c4 Nf6 2. g3 g6 3. Bg2 Bg7 4. Nf3 O-O 5. O-O d5 6. cxd5 Nxd5 7. Nc3 Nxc3 8.
bxc3 c6 9. d4 Nd7 10. e4 e5 11. Bg5 Qa5 12. Be7 Re8 13. Bb4 Qc7 14. Re1 Nb6 15.
a4 a5 16. Bc5 Bg4 17. Rb1 Nd7 18. Ba3 Rad8 19. Bb2 exd4 20. cxd4 Ne5 21. d5
Nxf3+ 22. Bxf3 Bxf3 23. Qxf3 Bxb2 24. Rxb2 cxd5 25. Reb1 dxe4 26. Qf4 Qxf4 27.
gxf4 Rd4 28. Rxb7 Rxa4 29. Ra7 e3 30. fxe3 Rxe3 31. f5 Rf3 32. fxg6 hxg6 33.
Kg2 Rf5 34. Kg3 Ra3+ 35. Kg4 Ra2 36. Kg3 Kg7 37. Rbb7 Ra1 38. Kg2 g5 39. Rb6 a4
40. Rba6 Rf4 41. Ra5 Kg6 42. Ra8 Ra2+ 43. Kg3 Ra3+ 44. Kg2 Rg4+ 45. Kf2 Kg7 46.
Rf5 Kg6 47. Rfa5 Rb4 0-1

[Event "Calvia Open Aficionados 2015"]
[Site "Calvia ESP"]
[Date "2015.10.10"]
[Round "1.11"]
[White "Breed, Greg J"]
[Black "Smirnov, Aleksander"]
[Result "1-0"]
[WhiteElo "1755"]
[BlackElo "2145"]
[PlyCount "75"]
[EventDate "2015.10.10"]
[EventType "swiss"]
[EventRounds "9"]
[EventCountry "ESP"]
[Source "lmi"]
[SourceDate "2015.10.10"]

1. d4 d5 2. Nf3 Nf6 3. Bf4 e6 4. Nbd2 c5 5. e3 Nc6 6. c3 Be7 7. Bd3 Nh5 8. Bg3
Nxg3 9. hxg3 Bd7 10. Qe2 Qc7 11. dxc5 Bxc5 12. Nb3 Be7 13. O-O-O a5 14. Kb1 f5
15. Nfd4 Ne5 16. f4 Nf7 17. g4 g6 18. gxf5 exf5 19. c4 dxc4 20. Bxc4 Rc8 21.
Rc1 Qb6 22. Bxf7+ Kxf7 23. Rxc8 Bxc8 24. Nf3 Kg7 25. Nbd4 Bf6 26. Rc1 Re8 27.
Qc4 Be6 28. Qc7+ Qxc7 29. Rxc7+ Bf7 30. Rxb7 Rxe3 31. Nc6 Kf8 32. Nce5 Bd5 33.
Rxh7 Bxf3 34. Nd7+ Ke8 35. Nxf6+ Kd8 36. gxf3 Rxf3 37. Ra7 Rxf4 38. Ra8+ 1-0

[Event "Calvia Open Aficionados 2015"]
[Site "Calvia ESP"]
[Date "2015.10.10"]
[Round "1.12"]
[White "Ponce Cano, Adrian"]
[Black "Vervaet, Bart"]
[Result "1-0"]
[WhiteElo "2135"]
[BlackElo "1754"]
[PlyCount "77"]
[EventDate "2015.10.10"]
[EventType "swiss"]
[EventRounds "9"]
[EventCountry "ESP"]
[Source "lmi"]
[SourceDate "2015.10.10"]

1. e4 e5 2. Nf3 Nc6 3. c3 d6 4. d4 exd4 5. cxd4 Be7 6. Nc3 Nf6 7. h3 O-O 8. Bd3
Nb4 9. Bb1 c6 10. O-O Bd7 11. a3 Na6 12. Qc2 g6 13. Ba2 Rb8 14. Re1 Nc7 15. Bh6
Re8 16. Rad1 Qc8 17. Ng5 d5 18. exd5 Nfxd5 19. Qd3 Qd8 20. Nge4 Be6 21. Qf3 Bf8
22. Bg5 Be7 23. Bc1 f5 24. Nc5 Bf7 25. Nd3 Bf6 26. Ne5 Be6 27. Na4 Bxe5 28.
Rxe5 Bf7 29. Rde1 Rxe5 30. Rxe5 Nb5 31. Be3 Qd6 32. Nc5 b6 33. Nd3 Nbc7 34. Bf4
Qd7 35. Re1 Re8 36. Ne5 Qe6 37. Rc1 c5 38. Nxf7 Kxf7 39. Bxc7 1-0

[Event "Calvia Open Aficionados 2015"]
[Site "Calvia ESP"]
[Date "2015.10.10"]
[Round "1.13"]
[White "Gonzalez Muelas, Javier"]
[Black "Elishev, Ivan"]
[Result "0-1"]
[WhiteElo "1753"]
[BlackElo "2128"]
[PlyCount "60"]
[EventDate "2015.10.10"]
[EventType "swiss"]
[EventRounds "9"]
[EventCountry "ESP"]
[Source "lmi"]
[SourceDate "2015.10.10"]

1. e4 d5 2. exd5 Nf6 3. c4 e6 4. dxe6 Bxe6 5. d4 Bb4+ 6. Nc3 Qe7 7. Be3 Nc6 8.
Qc2 Bg4 9. Be2 Bxc3+ 10. bxc3 Bxe2 11. Nxe2 Ng4 12. Qd3 O-O 13. h3 Nxe3 14.
Qxe3 Qxe3 15. fxe3 Na5 16. O-O Rae8 17. c5 Rxe3 18. Nf4 Rxc3 19. Nd5 Rd3 20.
Rf4 Nc6 21. Raf1 f6 22. Re1 Kf7 23. Nxc7 Nxd4 24. Rfe4 Nc6 25. Nb5 Rd7 26. Nd6+
Kg8 27. Nc4 h5 28. a4 Rfd8 29. Nd6 b6 30. Re8+ Kh7 0-1

[Event "Calvia Open Aficionados 2015"]
[Site "Calvia ESP"]
[Date "2015.10.10"]
[Round "1.17"]
[White "Vicens Company, Maria Antonia"]
[Black "Blanco Gutierrez, Pedro"]
[Result "0-1"]
[WhiteElo "1738"]
[BlackElo "2099"]
[PlyCount "124"]
[EventDate "2015.10.10"]
[EventType "swiss"]
[EventRounds "9"]
[EventCountry "ESP"]
[Source "lmi"]
[SourceDate "2015.10.10"]

1. d4 Nf6 2. c4 c5 3. d5 a6 4. Nc3 b5 5. Nf3 d6 6. Qc2 b4 7. Nd1 g6 8. e4 Nbd7
9. b3 Bg7 10. Bb2 O-O 11. Be2 a5 12. e5 Nh5 13. exd6 exd6 14. Bxg7 Kxg7 15. Ne3
Qf6 16. O-O Nb6 17. Nd2 Nf4 18. Bf3 a4 19. Ne4 Qe5 20. Rad1 f5 21. Ng3 axb3 22.
axb3 Ra3 23. Rc1 Qf6 24. Rfe1 h5 25. Nef1 h4 26. Ne2 Nxe2+ 27. Rxe2 Bd7 28.
Rce1 Rf7 29. Re3 Nc8 30. Nd2 Re7 31. Bd1 Rxe3 32. Rxe3 Ra1 33. Nf3 f4 34. Re1
Bg4 35. Qe4 Qc3 36. Kf1 Bxf3 37. gxf3 Qd2 38. Qe2 Qxe2+ 39. Bxe2 Rxe1+ 40. Kxe1
Kf6 41. Kd2 Ke5 42. Kd3 Ne7 43. Bd1 Ng8 44. Be2 Nf6 45. Bf1 Nh7 46. h3 Ng5 47.
Bg2 Nf7 48. Bf1 Nh6 49. Kd2 Nf5 50. Be2 g5 51. Kd3 Nd4 52. Bd1 Nf5 53. Be2 Nh6
54. Kd2 Kd4 55. Bd3 Nf7 56. Bf1 g4 57. fxg4 f3 58. Bd3 Ng5 59. Bf5 Nxh3 60. g5
Nxg5 61. Ke1 h3 62. Kf1 h2 0-1

[Event "Calvia Open Aficionados 2015"]
[Site "Calvia ESP"]
[Date "2015.10.10"]
[Round "1.45"]
[White "Aguado Doncel, Pablo Luis"]
[Black "Andreu Lopez, Santiago"]
[Result "0-1"]
[WhiteElo "1262"]
[BlackElo "1903"]
[PlyCount "54"]
[EventDate "2015.10.10"]
[EventType "swiss"]
[EventRounds "9"]
[EventCountry "ESP"]
[Source "lmi"]
[SourceDate "2015.10.10"]

1. d4 Nf6 2. Nf3 g6 3. Bf4 Bg7 4. h3 c5 5. c3 cxd4 6. cxd4 Nc6 7. e3 Nd5 8. Bg3
Qa5+ 9. Nbd2 d6 10. Bc4 Bd7 11. Qb3 Ncb4 12. Bxd5 Nxd5 13. Qxb7 Nb6 14. O-O O-O
15. Qe4 Bf6 16. Bh4 Bf5 17. Qf4 e5 18. dxe5 dxe5 19. Qg3 Bg7 20. Nb3 Qa4 21.
Be7 Rfe8 22. Bd6 Nc4 23. Qh4 e4 24. Nc5 Qc6 25. Ng5 h6 26. Rac1 hxg5 27. Qxg5
Nxd6 0-1

[Event "Calvia Open Aficionados 2015"]
[Site "Calvia ESP"]
[Date "2015.10.11"]
[Round "2.1"]
[White "Olhovik, Andrei"]
[Black "Fichtinger, Leopold"]
[Result "1-0"]
[WhiteElo "2285"]
[BlackElo "1966"]
[PlyCount "57"]
[EventDate "2015.10.10"]
[EventType "swiss"]
[EventRounds "9"]
[EventCountry "ESP"]
[Source "lmi"]
[SourceDate "2015.10.10"]

1. d4 Nf6 2. c4 g6 3. Nc3 Bg7 4. e4 d6 5. f3 O-O 6. Be3 Nbd7 7. Qd2 c5 8. Nge2
Qa5 9. d5 a6 10. Nc1 b5 11. cxb5 axb5 12. Nxb5 Ne8 13. Qxa5 Rxa5 14. Bd2 Ra8
15. Bc3 Bh6 16. a3 Nb6 17. b3 Bd7 18. a4 c4 19. Bxc4 Nxc4 20. bxc4 Bxc1 21.
Rxc1 Rxa4 22. Bd2 f5 23. Bh6 Ng7 24. exf5 Bxf5 25. O-O Rc8 26. Rfe1 Raxc4 27.
Rxc4 Rxc4 28. Rxe7 Nh5 29. Re8+ 1-0

[Event "Calvia Open Aficionados 2015"]
[Site "Calvia ESP"]
[Date "2015.10.11"]
[Round "2.3"]
[White "Ustianovich, Nazar"]
[Black "Lazarte Anello, David Emiliano"]
[Result "1-0"]
[WhiteElo "2268"]
[BlackElo "1965"]
[PlyCount "47"]
[EventDate "2015.10.10"]
[EventType "swiss"]
[EventRounds "9"]
[EventCountry "ESP"]
[Source "lmi"]
[SourceDate "2015.10.10"]

1. Nf3 Nf6 2. c4 g6 3. g3 Bg7 4. Bg2 c5 5. O-O O-O 6. d4 cxd4 7. Nxd4 Nc6 8.
Nc3 Ng4 9. Nb3 d6 10. c5 Bxc3 11. bxc3 dxc5 12. Qxd8 Rxd8 13. Nxc5 Rb8 14. Rb1
Na5 15. h3 Ne5 16. Bf4 f6 17. Rbd1 Bf5 18. e4 Rxd1 19. Rxd1 Bc8 20. Bxe5 fxe5
21. Bf1 Kf7 22. Rd8 Nc6 23. Bc4+ e6 24. Rxc8 1-0

[Event "Calvia Open Aficionados 2015"]
[Site "Calvia ESP"]
[Date "2015.10.11"]
[Round "2.6"]
[White "Delaere, Koen"]
[Black "Gromovs, Sergejs"]
[Result "0-1"]
[WhiteElo "1959"]
[BlackElo "2196"]
[PlyCount "68"]
[EventDate "2015.10.10"]
[EventType "swiss"]
[EventRounds "9"]
[EventCountry "ESP"]
[Source "lmi"]
[SourceDate "2015.10.10"]

1. d4 d5 2. Nf3 Bf5 3. e3 e6 4. Bd3 Bg4 5. c4 c6 6. O-O Nd7 7. cxd5 exd5 8. Re1
Ngf6 9. e4 dxe4 10. Nc3 Be7 11. Bxe4 Nxe4 12. Nxe4 O-O 13. Qd3 Nf6 14. Bf4 Bxf3
15. gxf3 Nd5 16. Bd2 Bd6 17. Nxd6 Qxd6 18. Kh1 Rad8 19. Re4 g6 20. a3 Nf6 21.
Rh4 Qd5 22. Rg1 Rfe8 23. Bg5 Rd6 24. Rg3 Qa2 25. Bxf6 Rxf6 26. Qd2 Qb1+ 27. Kg2
Re1 28. Qh6 Rg1+ 29. Kh3 Qf5+ 30. Rhg4 Rxg3+ 31. hxg3 Qxf3 32. Rh4 Qf5+ 33. Kh2
Qxf2+ 34. Kh1 Qf1+ 0-1

[Event "Calvia Open Aficionados 2015"]
[Site "Calvia ESP"]
[Date "2015.10.11"]
[Round "2.7"]
[White "Hajenius, Willem"]
[Black "Ballesteros Gonzalez, David"]
[Result "1-0"]
[WhiteElo "1923"]
[BlackElo "2157"]
[PlyCount "63"]
[EventDate "2015.10.10"]
[EventType "swiss"]
[EventRounds "9"]
[EventCountry "ESP"]
[Source "lmi"]
[SourceDate "2015.10.10"]

1. d4 Nf6 2. c4 g6 3. Nc3 Bg7 4. e4 d6 5. f4 c5 6. d5 O-O 7. Nf3 e6 8. Be2 exd5
9. cxd5 Re8 10. e5 dxe5 11. fxe5 Ng4 12. e6 fxe6 13. O-O exd5 14. Nxd5 Bd4+ 15.
Nxd4 Qxd5 16. Nb5 Qxd1 17. Bxd1 Na6 18. Nd6 Bf5 19. Nxe8 Rxe8 20. Bb3+ Kg7 21.
Bd2 b5 22. a4 b4 23. Rae1 Rd8 24. Bg5 Rd7 25. Bc4 Nb8 26. h3 Nh6 27. Re7+ Rxe7
28. Bxe7 Nd7 29. g4 Bc2 30. b3 Ng8 31. Rf7+ Kh6 32. g5+ 1-0

[Event "Calvia Open Aficionados 2015"]
[Site "Calvia ESP"]
[Date "2015.10.11"]
[Round "2.10"]
[White "Andreu Lopez, Santiago"]
[Black "Van 't Hof, Eric"]
[Result "1-0"]
[WhiteElo "1903"]
[BlackElo "2125"]
[PlyCount "57"]
[EventDate "2015.10.10"]
[EventType "swiss"]
[EventRounds "9"]
[EventCountry "ESP"]
[Source "lmi"]
[SourceDate "2015.10.10"]

1. e4 c5 2. Nf3 d6 3. d4 cxd4 4. Nxd4 Nf6 5. Bd3 Nc6 6. c3 g6 7. O-O Bg7 8. Kh1
O-O 9. f4 Qb6 10. Nf3 Ng4 11. Qe1 a6 12. Na3 Qc7 13. Nc2 b5 14. h3 Nf6 15. a4
bxa4 16. Rxa4 Bb7 17. e5 Nd7 18. e6 Nc5 19. exf7+ Kh8 20. Bxg6 e6 21. f5 Rxf7
22. Rh4 Bf6 23. Bg5 Qe7 24. Bxf6+ Rxf6 25. Rxh7+ Qxh7 26. Bxh7 Kxh7 27. Qh4+
Kg7 28. Qg5+ Kf7 29. fxe6+ 1-0

[Event "Calvia Open Aficionados 2015"]
[Site "Calvia ESP"]
[Date "2015.10.11"]
[Round "2.11"]
[White "Svensson, Leif 1940"]
[Black "Beltran Ortiz, Edda Georgina"]
[Result "0-1"]
[WhiteElo "2118"]
[BlackElo "1927"]
[PlyCount "48"]
[EventDate "2015.10.10"]
[EventType "swiss"]
[EventRounds "9"]
[EventCountry "ESP"]
[Source "lmi"]
[SourceDate "2015.10.10"]

1. d4 c5 2. d5 Nf6 3. Nc3 d6 4. e4 g6 5. f4 Nfd7 6. Nf3 Bg7 7. Be2 O-O 8. O-O
Na6 9. Kh1 Nc7 10. a4 b6 11. Be3 Rb8 12. Qd2 a6 13. f5 b5 14. fxg6 hxg6 15. Bh6
b4 16. Nd1 Nf6 17. Nf2 a5 18. Bxg7 Kxg7 19. b3 Rh8 20. Qf4 Nh5 21. Qg5 e5 22.
Qxd8 Ng3+ 23. Kg1 Nxe2+ 24. Kh1 Rxd8 0-1

[Event "Calvia Open Aficionados 2015"]
[Site "Calvia ESP"]
[Date "2015.10.11"]
[Round "2.15"]
[White "Meyer, Peter"]
[Black "Cerdo Fernandez, Miguel"]
[Result "1/2-1/2"]
[WhiteElo "2068"]
[BlackElo "1892"]
[PlyCount "64"]
[EventDate "2015.10.10"]
[EventType "swiss"]
[EventRounds "9"]
[EventCountry "ESP"]
[Source "lmi"]
[SourceDate "2015.10.10"]

1. e4 c5 2. Nc3 Nc6 3. Bb5 e5 4. Nf3 d6 5. h3 Nf6 6. d3 Be7 7. Nd5 Nxd5 8.
Bxc6+ bxc6 9. exd5 cxd5 10. O-O O-O 11. Re1 Bb7 12. c4 d4 13. Nd2 Bg5 14. Ne4
Bxc1 15. Rxc1 f5 16. Nd2 Qf6 17. f3 Rae8 18. Qc2 Re6 19. Re2 Qh4 20. b4 g5 21.
Rb1 Rf7 22. bxc5 dxc5 23. Nb3 g4 24. fxg4 fxg4 25. Nxc5 Ree7 26. Nxb7 Rxb7 27.
Rxb7 Rxb7 28. hxg4 Qg3 29. Rf2 Qe3 30. c5 Rf7 31. Qd2 Rxf2 32. Qxf2 Qc1+
1/2-1/2

[Event "Calvia Open Aficionados 2015"]
[Site "Calvia ESP"]
[Date "2015.10.11"]
[Round "2.16"]
[White "Bosschem, Eddy"]
[Black "Grichkevitch, Gilles"]
[Result "1/2-1/2"]
[WhiteElo "1890"]
[BlackElo "2047"]
[PlyCount "47"]
[EventDate "2015.10.10"]
[EventType "swiss"]
[EventRounds "9"]
[EventCountry "ESP"]
[Source "lmi"]
[SourceDate "2015.10.10"]

1. d4 Nf6 2. Nf3 g6 3. Bf4 Bg7 4. e3 d6 5. Be2 Nh5 6. Bg5 h6 7. Bh4 g5 8. Nfd2
Nf6 9. Bg3 Nc6 10. c4 e5 11. d5 Ne7 12. Nc3 Nf5 13. Nde4 Nxe4 14. Nxe4 Qe7 15.
Qc2 b6 16. Bd3 h5 17. h3 h4 18. Bh2 Nh6 19. O-O-O f5 20. Nc3 a6 21. e4 f4 22.
f3 Nf7 23. Bg1 Nd8 24. Bf2 1/2-1/2

[Event "Calvia Open Aficionados 2015"]
[Site "Calvia ESP"]
[Date "2015.10.11"]
[Round "2.17"]
[White "Guski, Dietmar"]
[Black "Post, Maarten"]
[Result "1/2-1/2"]
[WhiteElo "2046"]
[BlackElo "1876"]
[PlyCount "41"]
[EventDate "2015.10.10"]
[EventType "swiss"]
[EventRounds "9"]
[EventCountry "ESP"]
[Source "lmi"]
[SourceDate "2015.10.10"]

1. e4 c5 2. Nf3 e6 3. d3 Nc6 4. g3 g6 5. Bg2 Bg7 6. c3 Nge7 7. Be3 d6 8. Qd2
Rb8 9. d4 cxd4 10. cxd4 d5 11. Nc3 dxe4 12. Nxe4 Nd5 13. Bh6 O-O 14. Bxg7 Kxg7
15. O-O b6 16. Rac1 Bb7 17. Ne5 Nce7 18. Ng5 Qd6 19. Ne4 Qd8 20. Ng5 Qd6 21.
Ne4 1/2-1/2

[Event "Calvia Open Aficionados 2015"]
[Site "Calvia ESP"]
[Date "2015.10.11"]
[Round "2.18"]
[White "Lim, Mark"]
[Black "Sahelices Casado, Roberto"]
[Result "0-1"]
[WhiteElo "1870"]
[BlackElo "2039"]
[PlyCount "50"]
[EventDate "2015.10.10"]
[EventType "swiss"]
[EventRounds "9"]
[EventCountry "ESP"]
[Source "lmi"]
[SourceDate "2015.10.10"]

1. Nf3 Nf6 2. c4 g6 3. Nc3 d5 4. cxd5 Nxd5 5. Qc2 Nc6 6. e4 Ndb4 7. Qa4 Bg7 8.
a3 Nd3+ 9. Bxd3 Qxd3 10. Nd5 O-O 11. Nxc7 Bg4 12. Nxa8 Bxf3 13. gxf3 Nd4 14.
Qxd4 Bxd4 15. Nc7 Qxf3 16. O-O Qg4+ 17. Kh1 Qxe4+ 18. Kg1 Qg4+ 19. Kh1 Qf3+ 20.
Kg1 Be5 21. Nb5 Qh3 22. f4 Qg4+ 23. Kh1 Bxf4 24. d3 Bb8 25. Bh6 Qh4 0-1

[Event "Calvia Open Aficionados 2015"]
[Site "Calvia ESP"]
[Date "2015.10.11"]
[Round "2.21"]
[White "Melderis, Uldis"]
[Black "Breed, Greg J"]
[Result "1-0"]
[WhiteElo "1987"]
[BlackElo "1755"]
[PlyCount "39"]
[EventDate "2015.10.10"]
[EventType "swiss"]
[EventRounds "9"]
[EventCountry "ESP"]
[Source "lmi"]
[SourceDate "2015.10.10"]

1. d4 Nf6 2. Nf3 d5 3. c4 e6 4. Nc3 Nbd7 5. Qc2 b6 6. cxd5 exd5 7. Nb5 c5 8.
Bf4 Bb7 9. Nc7+ Ke7 10. Nxa8 Qxa8 11. e3 g6 12. Ne5 Nxe5 13. Bxe5 Ke6 14. Be2
h5 15. O-O Be7 16. f4 cxd4 17. exd4 Rc8 18. f5+ Kd7 19. Qa4+ Kd8 20. fxg6 1-0